000 00884nam a2200253Ia 4500
003 OSt
005 20221005105046.0
006 a|||||r|||| 00| 0
007 ta
008 221004b |||||||| |||| 00| 0 hin d
024 _a31799
037 _cTextual
040 _aCRL
_cCRL
_bhin
041 _2hin
_ahin
082 _aQoaR, 152N1
100 _aवर्मा, वेदप्रकाश
245 0 _aधर्म-दर्शन की मूल समस्याएॅं
246 _aDharma-darshan kī mūl samasyāeॅan
260 _aदिल्ली
_bहिंदी माध्यम कार्यान्वय निदेशालय भारत
_c1991
300 _a515पृ.
_ccm.
650 _aधर्म
942 _hQoaR, 152N1
_cTEXL
_2cc
999 _c1014622
_d1014622